| 000 -LEADER |
| fixed length control field |
00631nam a22002057a 4500 |
| 005 - DATE AND TIME OF LATEST TRANSACTION |
| control field |
20210423061026.0 |
| 008 - FIXED-LENGTH DATA ELEMENTS--GENERAL INFORMATION |
| fixed length control field |
210222s1988 ||||| |||| 00| 0 eng d |
| 040 ## - CATALOGING SOURCE |
| Original cataloging agency |
eng |
| Transcribing agency |
DLC |
| 041 ## - LANGUAGE CODE |
| Language code of text/sound track or separate title |
eng |
| 080 ## - UNIVERSAL DECIMAL CLASSIFICATION NUMBER |
| Universal Decimal Classification number |
77 |
| Item number |
S-81 |
| 100 ## - MAIN ENTRY--PERSONAL NAME |
| 9 (RLIN) |
1039 |
| Personal name |
Stanfield, L. James |
| 110 ## - MAIN ENTRY--CORPORATE NAME |
| 9 (RLIN) |
928 |
| Corporate name or jurisdiction name as entry element |
National Geographic Society |
| 245 ## - TITLE STATEMENT |
| Title |
Eye of the Beholder |
| Remainder of title |
: The Photography of James L. Stanfield |
| Statement of responsibility, etc. |
/ by: National Geographic Society |
| 260 ## - PUBLICATION, DISTRIBUTION, ETC. |
| Place of publication, distribution, etc. |
Washington D.C. |
| Name of publisher, distributor, etc. |
National Geographic Society |
| Date of publication, distribution, etc. |
1988 |
| 300 ## - PHYSICAL DESCRIPTION |
| Extent |
168 p. |
| Other physical details |
ill. |
| 365 ## - TRADE PRICE |
| Price amount |
40 usd |
| 650 #0 - SUBJECT ADDED ENTRY--TOPICAL TERM |
| 9 (RLIN) |
847 |
| Topical term or geographic name entry element |
Photography |
| 653 ## - INDEX TERM--UNCONTROLLED |
| Uncontrolled term |
ფოტოგრაფია |
| 942 ## - ADDED ENTRY ELEMENTS (KOHA) |
| Source of classification or shelving scheme |
|
| Koha item type |
Books |